00821nam a22002657a 450000500170000000800410001701000100005801100100006803500100007808200150008810000400010324500310014326000350017430000110020950000120022059000410023259000410027359000410031459000420035565000410039770000380043890100070047694900550048399900170053820220329141223.0971010s1987 r 00010 d a64623 a65595 a72652 a636.4bR3500aRamírez Necoechea, Ramiro.994166 aEnfermedades de los cerdos aMéxico, D.F. :bDiana,c1987 a583 p. aD98-181 aBATCH-UPDb10c20130110lUCH01h1353 aBATCH-UPDb10c20130410lUCH01h0849 aBATCH-UPDb10c20130914lUCH01h1522 aCONVERSIONb10c20130109lUCH01h133514aGanado porcinoxEnfermedades.9453600 aPijoán Aguadé, Carlos.988063 aBK a636.4 R35bZAcLIBROd-5368eLIBROh4895i72652si c64623d64623